UBT Library

Heart disease in infancy and childhood / (Record no. 46996)

000 -LEADER
fixed length control field 00624pam a2200229 i 4500
001 - CONTROL NUMBER
control field 1291437
005 - DATE AND TIME OF LATEST TRANSACTION
control field 20180810051502.0
008 - FIXED-LENGTH DATA ELEMENTS--GENERAL INFORMATION
fixed length control field 761104s1978 nyua b 001 0 eng
010 ## - LIBRARY OF CONGRESS CONTROL NUMBER
LC control number 76054304
020 ## - INTERNATIONAL STANDARD BOOK NUMBER
International Standard Book Number 0023622202
040 ## - CATALOGING SOURCE
Original cataloging agency DLC
Transcribing agency DLC
Modifying agency DLC
041 ## - LANGUAGE CODE
Language code of text/sound track or separate title eng
060 ## - NATIONAL LIBRARY OF MEDICINE CALL NUMBER
Classification number WS290 K28h
080 ## - UNIVERSAL DECIMAL CLASSIFICATION NUMBER
Universal Decimal Classification number 618.9212
082 00 - DEWEY DECIMAL CLASSIFICATION NUMBER
Classification number 618.9212
100 ## - Rafti
Rafti 7
101 ## - Shkurtesa
Shkurtesa KAR
245 00 - TITLE STATEMENT
Title Heart disease in infancy and childhood /
Statement of responsibility, etc [edited by] John D. Keith, Richard D. Rowe, Peter Vlad.
504 ## - BIBLIOGRAPHY, ETC. NOTE
Bibliography, etc Includes bibliographies and index.
906 ## - LOCAL DATA ELEMENT F, LDF (RLIN)
a 7
b cbc
c orignew
d 1
e ocip
f 19
g y-gencatlg
942 ## - ADDED ENTRY ELEMENTS (KOHA)
Source of classification or shelving scheme
Item type Books
Holdings
Withdrawn status Lost status Source of classification or shelving scheme Damaged status Not for loan Collection code Permanent location Current location Shelving location Date acquired Total Checkouts Full call number Barcode Date last seen Price effective from Koha item type
          Koleksioni i përgjithshem UBT - Lipjan UBT - Lipjan Koleksioni i përgjithshem 08/10/2018   618.9212 KEI 002-3010770 08/10/2018 08/10/2018 Books
UBT Library © 2015-2024. All rights reserved University Education for Business and Technology